Kognitive Dissonanz: eine handlungstheoretische Perspektive
| Autor principal: | |
|---|---|
| Tipo de documento: | Print Libro |
| Lenguaje: | Alemán |
| Publicado: |
Berlin [u.a.]
Springer
1984
|
| En: |
Lehr- und Forschungstexte Psychologie (11)
Año: 1984 |
| Acceso en línea: |
Índice |
| Disponibilidad en Tübingen: | Disponible en Tübingen. IFK: N IV 152 |
| Verificar disponibilidad: | HBZ Gateway |
| Servicio de pedido Subito: | Pedir ahora. |
| Palabras clave: |
MARC
| LEADER | 00000cam a2200000 c 4500 | ||
|---|---|---|---|
| 001 | 026426811 | ||
| 003 | DE-627 | ||
| 005 | 20260206194628.0 | ||
| 007 | tu | ||
| 008 | 850806s1984 gw ||||| m 00| ||ger c | ||
| 010 | |a 85131285 | ||
| 015 | |a 85,A03,0157 |2 dnb | ||
| 016 | 7 | |a 850063345 |2 DE-101 | |
| 020 | |a 0387137726 |9 0-387-13772-6 | ||
| 020 | |a 3540137726 |9 3-540-13772-6 | ||
| 035 | |a (DE-627)026426811 | ||
| 035 | |a (DE-603)034374450 | ||
| 035 | |a (DE-576)009971130 | ||
| 035 | |a (DE-599)GBV026426811 | ||
| 035 | |a (OCoLC)13157255 | ||
| 035 | |a (OCoLC)260073526 | ||
| 035 | |a (OCoLC)613450650 | ||
| 035 | |a (DE-604)8012411639 | ||
| 040 | |a DE-627 |b ger |c DE-627 |e rakwb | ||
| 041 | |a ger | ||
| 044 | |c XA-DE |c XD-US | ||
| 050 | 0 | |a BF337.C63 | |
| 082 | 0 | |a 150 | |
| 082 | 0 | |a 153.8 |q LOC |2 19 | |
| 084 | |a 11 |2 sdnb | ||
| 084 | |a CP 4000 |2 rvk |0 (DE-625)rvk/18984: | ||
| 084 | |a CV 4000 |2 rvk |0 (DE-625)rvk/19158: | ||
| 084 | |a CV 2500 |2 rvk |0 (DE-625)rvk/19153: | ||
| 084 | |a 77.00 |2 bkl | ||
| 100 | 1 | |a Beckmann, Jürgen |d 1955- |0 (DE-588)170876438 |0 (DE-627)061020397 |0 (DE-576)131720899 |4 aut | |
| 109 | |a Beckmann, Jürgen 1955- | ||
| 245 | 1 | 0 | |a Kognitive Dissonanz |b eine handlungstheoretische Perspektive |c Jürgen Beckmann |
| 264 | 1 | |a Berlin [u.a.] |b Springer |c 1984 | |
| 300 | |a VIII, 165 S. |b graph. Darst. |c 25 cm | ||
| 336 | |a Text |b txt |2 rdacontent | ||
| 337 | |a ohne Hilfsmittel zu benutzen |b n |2 rdamedia | ||
| 338 | |a Band |b nc |2 rdacarrier | ||
| 490 | 1 | |a Lehr- und Forschungstexte Psychologie |v 11 | |
| 500 | |a Literaturverz. S. [150] - 162 | ||
| 502 | |a Zugl.: Mannheim, Univ., Fak. für Philosophie, Psychologie u. Erziehungs- wiss., Diss., 1984 [Nur beschränkt f. d. Austausch] | ||
| 583 | 1 | |a Archivierung/Langzeitarchivierung gewährleistet |f DISS |x XA-DE-BW |2 pdager |5 DE-180 | |
| 650 | 0 | |a Cognitive Dissonance | |
| 650 | 0 | |a Motivation (Psychology) | |
| 650 | 0 | 7 | |0 (DE-588)4164464-5 |0 (DE-627)105447323 |0 (DE-576)209888679 |a Kognitive Dissonanz |2 gnd |
| 650 | 0 | 7 | |0 (DE-588)4113844-2 |0 (DE-627)104589329 |0 (DE-576)209479817 |a Handlungstheorie |2 gnd |
| 650 | 0 | 7 | |0 (DE-588)4177306-8 |0 (DE-627)104196254 |0 (DE-576)209976683 |a Reduktion |2 gnd |
| 650 | 4 | |a Handlungstheorie | |
| 650 | 4 | |a Soziales Verhalten | |
| 650 | 4 | |a Soziales Handeln | |
| 650 | 4 | |a Soziale Kontrolle | |
| 650 | 4 | |a Experiment | |
| 650 | 4 | |a Persönlichkeitsmerkmal | |
| 650 | 4 | |a Kognition | |
| 650 | 4 | |a Dissonanztheorie | |
| 650 | 4 | |a Handlung | |
| 655 | 7 | |a Hochschulschrift |0 (DE-588)4113937-9 |0 (DE-627)105825778 |0 (DE-576)209480580 |2 gnd-content | |
| 689 | 0 | 0 | |d s |0 (DE-588)4164464-5 |0 (DE-627)105447323 |0 (DE-576)209888679 |a Kognitive Dissonanz |2 gnd |
| 689 | 0 | 1 | |d s |0 (DE-588)4113844-2 |0 (DE-627)104589329 |0 (DE-576)209479817 |a Handlungstheorie |2 gnd |
| 689 | 0 | 2 | |d s |0 (DE-588)4150221-8 |0 (DE-627)105555053 |0 (DE-576)209778334 |a Dissonanzreduktion |2 gnd |
| 689 | 0 | |5 (DE-627) | |
| 751 | |a Mannheim |4 uvp | ||
| 830 | 0 | |a Lehr- und Forschungstexte Psychologie |v 11 |9 1100 |w (DE-627)130302015 |w (DE-576)008748233 |w (DE-600)582216-6 |7 am | |
| 856 | 4 | 2 | |u http://scans.hebis.de/HEBCGI/show.pl?03437445_toc.pdf |m V:DE-605 |q application/pdf |3 Inhaltsverzeichnis |7 1 |
| 935 | |i Blocktest | ||
| 935 | |h HEB |i 0501 | ||
| 935 | |h HEB |i 0503 | ||
| 936 | r | v | |a CP 4000 |b Kognitive Prozesse (Denken, Urteil, Problemlösen, Begriffsbildung, Assoziation) |k Psychologie |k Allgemeine Psychologie |k Kognitive Prozesse (Denken, Urteil, Problemlösen, Begriffsbildung, Assoziation) |0 (DE-627)1271169363 |0 (DE-625)rvk/18984: |0 (DE-576)201169363 |
| 936 | r | v | |a CV 4000 |b Gruppenpsychologie |k Psychologie |k Sozialpsychologie |k Gruppenpsychologie |0 (DE-627)1270830112 |0 (DE-625)rvk/19158: |0 (DE-576)200830112 |
| 936 | r | v | |a CV 2500 |b Soziale Kognition |k Psychologie |k Sozialpsychologie |k Soziale Kognition |0 (DE-627)1437673430 |0 (DE-625)rvk/19153: |0 (DE-576)367673436 |
| 936 | b | k | |a 77.00 |j Psychologie: Allgemeines |0 (DE-627)106412264 |
| 936 | s | n | |a c200 |2 mzub |
| 951 | |a BO | ||
| ELC | |b 1 | ||
| LOK | |0 000 xxxxxcx a22 zn 4500 | ||
| LOK | |0 001 3208695691 | ||
| LOK | |0 003 DE-627 | ||
| LOK | |0 004 026426811 | ||
| LOK | |0 005 20020607000000 | ||
| LOK | |0 008 930129||||||||||||||||ger||||||| | ||
| LOK | |0 040 |a DE-21-110 |c DE-627 |d DE-21-110 | ||
| LOK | |0 852 |a DE-21-110 | ||
| LOK | |0 852 1 |c N IV 152 |m p |9 00 | ||
| LOK | |0 935 |a k110 | ||
| LOK | |0 936ln |a 8.7.4 | ||
| LOK | |0 938 |k p | ||
| LOK | |0 939 |a 29-01-93 |b l01 | ||
| ORI | |a SA-MARC-krimdoka001.raw | ||
| SIG | |a IFK: N IV 152 | ||
